000 00495cam a22002051 4500
001 sa 64005003
003 DLC
005 20260227112029.0
008 890522m19619999ii 000 0 telo
010 _asa 64005003
035 _a(OCoLC)19749087
040 _aDLC
_cWaU
_dDLC
042 _apremarc
050 0 0 _aPL4780.9.J6
_bA17 1961
100 1 _aJoshua, Gurram,
_d1895-1971.
245 1 0 _aKhaṇḍakāvyamu.
260 _c[1961-
300 _a7 v. in 3
_c19 cm.
500 _aIn Telugu.
999 _c58878
_d58878